Normal view
MARC view
Entry Topical Term
001 - CONTROL NUMBER
- control field: 2849
003 - CONTROL NUMBER IDENTIFIER
- control field: HDC
005 - DATE AND TIME OF LATEST TRANSACTION
- control field: 20230624073135.0
008 - FIXED-LENGTH DATA ELEMENTS
- fixed length control field: 210109|| aca||aabn | a|a d
040 ## - CATALOGING SOURCE
- Original cataloging agency: HDC
- Transcribing agency: HDC
150 ## - HEADING--TOPICAL TERM
- Topical term or geographic name entry element: Malaysia
- Form subdivision: Periodicals
- General subdivision: Economic conditions
670 ## - SOURCE DATA FOUND
- Source citation: Work cat.: (HDC): Prestasi dan Prospek Ekonomi, [no year]
